Formulario para las propuestas de la terminación de los trabajos de la línea férrea de Coihue a Mulchén

Saved in:
Bibliografiske detaljer
Institution som forfatter: Ferrocarriles del Estado (Author)
Format: Bog
Sprog:spansk
Udgivet: Santiago Imprenta Bandera 1894
Udgivelse:1a. ed
Fag:
Tags: Tilføj Tag
Ingen Tags, Vær først til at tagge denne postø!

MARC

LEADER 00000nam a2200000 a 4500
001 UCJ6009
003 CL-VaPUC
008 070124e18940000CL |||||||||||||||||spa|d
082 0 4 |a 983  |b FER  |2 21 
110 2 |a Ferrocarriles del Estado  |e author  |9 512140 
245 1 0 |a Formulario para las propuestas de la terminación de los trabajos de la línea férrea de Coihue a Mulchén 
250 |a 1a. ed 
300 |a 43 p 
942 |c BK 
945 |d 20070124 00:00:00  |a rinostro 
260 |a Santiago  |b Imprenta Bandera  |c 1894 
500 |a Empastado junto a otras monografías en un volumen rotulado Ferrocarriles, Folletos; ubicado en 983 VIL 
650 0 |a Ferrocarriles  |9 260933 
650 0 |a Obras públicas  |9 261125 
650 7 |a PROPUESTAS PUBLICAS  |2 CL-VaPUC  |9 512141 
650 0 |a Administración  |9 259325 
583 |a last modification  |c 20181011 12:16:16  |k Rodrigo Vera 
999 |c 322117  |d 322115 
952 |0 0  |1 0  |4 0  |6 983_000000000000000_FER_1894  |7 0  |8 X  |9 401036  |a FDOBUD  |b FDOBUD  |d 2019-11-22  |i 1042610  |o 983 FER 1894  |p 1042610  |r 2019-11-22  |w 2019-11-22  |y BK_X  |k BUD